000 00574nam a2200181Ia 4500
003 OSt
005 20240417165951.0
008 210210b1947 xxu||||| |||| 00| 0 eng d
040 _cAL
041 _aKannada
082 _a852/439
100 _aMEVUNDI MALLARI ಮೇವುಂಡಿ ಮಲ್ಲಾರಿ
_9161237
245 _aKrantiya Nuru Varusha: 1847-1945
_bಕ್ರಾಂತಿಯ ನೂರು ವರುಷ : ೧೮೪೭-೧೯೪೫
260 _aDhAravADa
_bSamaja Pustakalaya
_c1947
690 _aKannada Prose
_9161238
906 _a019005
942 _2ddc
_cBK
999 _c143056
_d143056